| 000 | 00522nam a2200193Ia 4500 | ||
|---|---|---|---|
| 003 | OSt | ||
| 005 | 20260228092833.0 | ||
| 008 | 210210b1964 xxu||||| |||| 00| 0 eng d | ||
| 040 | _cAL | ||
| 041 | _aHindi | ||
| 082 | _a861/72 | ||
| 100 |
_aGUPTA (Maithilisharan) _dगुप्त (मैथिलीशरण) _9257131 |
||
| 245 |
_aGurukul _bगुरुकुल |
||
| 260 |
_aChirganv _bSahity Sadhan _c1964 |
||
| 650 |
_aGurukul _9257132 |
||
| 690 |
_aHindi Poetry _9257133 |
||
| 906 | _a023093 | ||
| 942 |
_2ddc _cBK |
||
| 999 |
_c147985 _d147985 |
||